LDR 00621naa#a2200181#i#450# 001 EN\INFRA-M\bibl\116768 005 20260517011612.7 011 ## _a2500-0543 100 ## _a20260401b2026####ek#y0engy0150####ca 102 ## _aRU 200 1# _aPSYCHOLOGY OF VIGILANCE AND ITS MANIFESTATION IN THE CONTEXT OF COGNITIVE LOAD ON REPRESENTATIVES OF SECURITY FORCES _eJournal article 210 1# _aMoscow _cINFRA-M Academic Publishing LLC. _d2026 215 ## _a16 с. 608 ## _aJournal article _2local 675 ## _aПсихология. 159.9 _z 700 #1 _aLebedeva _gMariya Evgen'evna 700 #1 _aChimarov _gSergey Yurievich 856 4# _anaukaru.ru _u